| 000 | 00852cam a22002891 4500 | ||
|---|---|---|---|
| 001 | 858 | ||
| 003 | BD-RjUL | ||
| 005 | 20211208233235.0 | ||
| 008 | 131123s1966 enkajb g 00| 0|eng d | ||
| 035 | _a(BD-RjUL)880 | ||
| 035 | _a(OCoLC)664088 | ||
| 040 |
_aDLC _cPPT _dOCoLC _dUk _dBD-RjUL _beng |
||
| 041 | _aeng | ||
| 082 |
_a026.6 _219 _bCAF 1966 |
||
| 100 | 1 |
_aCarey, R. J. P. _92559 |
|
| 245 | 1 | 0 |
_aFinding and using technical information / _cby R.J.P. Carey. |
| 260 |
_aLondon: _bEdward Arnold, _cc1966 |
||
| 300 |
_avi, 153 p. _bfacsims., table, diagrs. _c23 cm. |
||
| 504 | _aIncludes Index | ||
| 650 | 0 |
_aCommunication in science. _92560 |
|
| 650 | 0 |
_aCommunication of technical information. _92561 |
|
| 650 | 0 |
_aResearch. _92562 |
|
| 650 | 0 |
_aResearch, Industrial. _92563 |
|
| 942 |
_2ddc _cBK |
||
| 999 |
_c858 _d858 |
||